| 000 | 00403 a2200157 4500 | ||
|---|---|---|---|
| 001 | 73234 | ||
| 020 | _a851603755X | ||
| 040 | _cAnchieta - Colégio São Paulo | ||
| 100 | _aFerrari Zuleica Águeda | ||
| 240 | 1 | 0 |
_aTake your time _lpor |
| 245 | 1 | 0 | _aTake your time |
| 300 | _a144 | ||
| 362 | 0 | _a2004 | |
| 650 | 4 | _aUso padrão do inglês (linguística prescritiva); Linguística aplicada | |
| 942 | _cBK | ||
| 999 |
_c73234 _d73234 |
||